| 000 | 00999nas a2200313 4500 | ||
|---|---|---|---|
| 001 | BR2013006178 | ||
| 003 | BR-BrBNA | ||
| 005 | 20231205122739.0 | ||
| 007 | ta | ||
| 008 | 230509b bl.|||p| |||| 00| 00por d | ||
| 040 |
_aBR-BrBNA _bpor _cBiblioteca Nacional de Agricultura |
||
| 041 | _a(Pt) | ||
| 072 | _aP33 | ||
| 100 | 1 | _aPotes, M. da L. | |
| 100 | 1 | _aDick, D.P. | |
| 100 | 1 | _aDalmolin, R.S.D. | |
| 100 | 1 | _aKnicker, H. | |
| 100 | 1 | _aRosa, A.S. da | |
| 245 | 1 | _aMatéria orgânica em neossolo de altitude: influência do manejo da pastagem na sua composição e teor | |
| 650 | _aQUÍMICA DO SOLO | ||
| 650 | _aMINERALOGIA | ||
| 650 | _aMATÉRIA ORGÂNICA | ||
| 650 | _aÓXIDO DE FERRO | ||
| 650 | _aQUEIMADA | ||
| 773 | 0 |
_tRevista Brasileira de Ciência do Solo (Brazil) _xISSN 0100-0683 _g(Jan-Feb 2010), v. 34(1) p. 23-32 _wBR2013006178 |
|
| 856 | 4 | 0 | _uhttp://www.scielo.br/pdf/rbcs/v34n1/a03v34n1.pdf |
| 909 |
_a202311 _bLúcia _c55 _dLúcia Elande |
||
| 942 |
_2AGRIS _n0 _cANA |
||
| 999 |
_c230326 _d230326 |
||